Online
Catalog

Estudios de derecho notarial. (Record no. 12693)

MARC details
000 -CABECERA
campo de control de longitud fija 00601cam a22002051 4500
001 - NÚMERO DE CONTROL
campo de control 000013050
005 - FECHA Y HORA DE LA ÚLTIMA TRANSACCIÓN
campo de control 20200929163128.0
008 - DATOS DE LONGITUD FIJA--INFORMACIÓN GENERAL
campo de control de longitud fija 870416s1962 sp 000 0 spa
040 ## - FUENTE DE LA CATALOGACIÓN
Centro catalogador/agencia de origen DO-SdBNP
Lengua de catalogación spa
Centro/agencia modificador BNPHU
082 ## - NÚMERO DE LA CLASIFICACIÓN DECIMAL DEWEY
Número de clasificación xxxx
Número de documento/Ítem A958e
100 1# - ENTRADA PRINCIPAL--NOMBRE DE PERSONA
Nombre de persona Avila Alvarez, Pedro.
9 (RLIN) 30168
245 10 - MENCIÓN DE TÍTULO
Título Estudios de derecho notarial.
250 ## - MENCIÓN DE EDICIÓN
Mención de edición 3a ed., rev.
260 ## - PUBLICACIÓN, DISTRIBUCIÓN, ETC.
Lugar de publicación, distribución, etc. Barcelona, :
Nombre del editor, distribuidor, etc. Ediciones Nauta,
Fecha de publicación, distribución, etc. 1962.
300 ## - DESCRIPCIÓN FÍSICA
Extensión 327 p. ;
Dimensiones 21 cm.
490 1# - MENCIÓN DE SERIE
Mención de serie Fides
500 ## - NOTA GENERAL
Nota general With 1966 Appendix.
504 ## - NOTA DE BIBLIOGRAFÍA, ETC.
Nota de bibliografía, etc. Incluye referencias bibliograficas y notas al pie de las páginas.
830 #0 - PUNTO DE ACCESO ADICIONAL DE SERIE-TÍTULO UNIFORME
Título uniforme Fides
9 (RLIN) 29660
Holdings
Estado de retiro Estado de pérdida Restricciones de uso No para préstamo Código de colección Localización permanente Ubicación/localización actual Ubicación en estantería Fecha de adquisición Número de inventario Total de préstamos Signatura topográfica completa Código de barras Fecha visto por última vez Precio válido a partir de Tipo de ítem Koha
    Préstamo interno   Monografías: Libros y Folletos General General En catalogación 19.11.2009 LF1   xxxx A958e 13050-10 25.06.2020 25.06.2020 Préstamo interno

Powered by Koha